header

Learning and writing in counselling (Record no. 29417)

MARC details
000 -LEADER
fixed length control field 01328nam a2200349Ia 4500
100 1# - MAIN ENTRY--AUTHOR NAME
Personal name MacMillan, Mhairi.
245 10 - TITLE STATEMENT
Title Learning and writing in counselling
260 ## - PUBLICATION, DISTRIBUTION, ETC. (IMPRINT)
Place of publication London ;
-- Thousand Oaks, Calif. :
Name of publisher SAGE Publications,
Year of publication 1998.
300 ## - PHYSICAL DESCRIPTION
Number of Pages viii, 190 p. :
Other physical details ill.
490 1# - SERIES STATEMENT
Series statement Professional skills for counsellors
650 #0 - SUBJECT ADDED ENTRY--TOPICAL TERM
Topical Term Counseling.
Topical Term Written communication.
700 1# - ADDED ENTRY--PERSONAL NAME
Personal name Clark, Dot.
856 40 - ELECTRONIC LOCATION AND ACCESS
Uniform Resource Identifier http://site.ebrary.com/lib/rucke/Doc?id=10348591

No items available.

© 2026 Rongo University
Contact us: librarian | system librarian | Rongo university